Životnost nosných konstrukcí betonových staveb a panelových domů sborník referátov z konference

Podrobná bibliografia
Médium: Kniha
Jazyk:čeština
Fyzický popis:378, [1] s. sch. 29 cm
Vydavateľské údaje: Brno Dom techniky - ČVTS 1975
Vydanie:1. vyd.
Predmet:

MARC

LEADER 00000cam a2200000 a 4500
001 vtls009886249
003 SK-MaSNL
005 20260301130646.0
008 210928s1975 xr a fr 100 0 cze
035 |a (SVKBBclas03)vtls000238288 
040 |a SNK  |b slo  |c SNK  |e AACR2 
041 0 |a cze 
044 |a xr  |c CZ 
080 |a 69.059.4(08)  |2 1981 
245 0 0 |a Životnost nosných konstrukcí betonových staveb a panelových domů  |b sborník referátov z konference  |c zpracoval: kolektiv 
250 |a 1. vyd. 
260 |a Brno  |b Dom techniky - ČVTS  |c 1975 
300 |a 378, [1] s.  |b sch.  |c 29 cm 
650 0 7 |a panelové domy  |2 SNKPH  |9 71125 
650 0 7 |a betónové konštrukcie  |2 SNKPH  |9 1686 
650 0 7 |a nosné konštrukcie  |2 SNKPH  |9 67315 
650 0 7 |a životnosť  |2 SNKPH  |9 419171 
655 7 |a zborníky konferencií  |2 SNKPH  |9 70153 
958 |a OND 
999 |c 745571  |d 747501 
952 |a SNK  |b SNK  |y PREZ  |7 0  |p 17A0924764  |o snkSB 22984  |i snkKIP 1179/75  |0 0  |1 0  |4 0  |d 2014-05-29  |l 0  |r 2025-03-26 00:00:00  |w 2026-02-23